Statistiken für Topologische Karte der Welt Quiz

Klicken Sie hier um das Quiz zu spielen!

Allgemein

  • Dieses Quiz wurde 492 mal gespielt
  • Das Durchschnittsergebnis liegt bei 87 aus 152

Antworten auf der Karte

Die Antworten werden auf der Karte rot bzw. grün angezeigt, abhängig davon wie oft sie richtig erraten wurden.
 

Antwortstatistiken

Antwort% Korrekt
Vereinigte Staaten
86%
Kanada
85%
Mexiko
83%
Brasilien
72%
Argentinien
70%
Belize
70%
Chile
70%
Ecuador
69%
El Salvador
69%
Panama
69%
Frankreich
68%
Guatemala
68%
Uruguay
68%
Bolivien
67%
Costa Rica
67%
Deutschland
67%
Guyana
67%
Honduras
67%
Italien
67%
Kolumbien
67%
Paraguay
67%
Andorra
66%
Nicaragua
66%
Russland
66%
Belgien
65%
Dänemark
65%
Peru
65%
Spanien
65%
Vatikanstadt
65%
Liechtenstein
64%
Luxemburg
64%
Monaco
64%
Niederlande
64%
Portugal
64%
Schweiz
64%
Suriname
64%
Österreich
63%
San Marino
63%
Polen
62%
Venezuela
62%
China
61%
Estland
61%
Lettland
61%
Moldawien
61%
Ukraine
61%
Belarus
60%
Bosnien und Herzegowina
60%
Litauen
60%
Slowenien
60%
Tschechien
60%
Türkei
60%
Ägypten
59%
Aserbaidschan
59%
Kroatien
59%
Mongolei
59%
Saudi-Arabien
59%
Algerien
58%
Armenien
58%
Bulgarien
58%
Griechenland
58%
Indien
58%
Iran
58%
Jemen
58%
Jordanien
58%
Rumänien
58%
Slowakei
58%
Südafrika
58%
Albanien
57%
Georgien
57%
Irak
57%
Kuwait
57%
Nordkorea
57%
Oman
57%
Sudan
57%
Südkorea
57%
Tunesien
57%
Afghanistan
56%
Bhutan
56%
Katar
56%
Montenegro
56%
Serbien
56%
Syrien
56%
Vereinigte Arabische Emirate
56%
Angola
55%
Eswatini
55%
Indonesien
55%
Israel
55%
Libyen
55%
Marokko
55%
Namibia
55%
Nepal
55%
Nordmazedonien
55%
Pakistan
55%
Ungarn
55%
Botswana
54%
Kasachstan
54%
Kosovo
54%
Lesotho
54%
Bangladesch
53%
Libanon
53%
Mauretanien
53%
Mosambik
53%
Myanmar
53%
Schweden
53%
D. R. Kongo
52%
Dschibuti
52%
Mali
52%
Äthiopien
51%
Burundi
51%
Gambia
51%
Kenia
51%
Malaysia
51%
Ruanda
51%
Sambia
51%
Senegal
51%
Tansania
51%
Uganda
51%
Kamerun
50%
Malawi
50%
Somalia
50%
Brunei
49%
Burkina Faso
49%
Eritrea
49%
Finnland
49%
Liberia
49%
Simbabwe
49%
Thailand
49%
Tschad
49%
Turkmenistan
49%
Usbekistan
49%
Äquatorial-Guinea
48%
Südsudan
48%
Tadschikistan
48%
Elfenbeinküste
47%
Gabun
47%
Ghana
47%
Guinea
47%
Kirgisistan
47%
Norwegen
47%
Osttimor
47%
Sierra Leone
47%
Vietnam
47%
Benin
46%
Guinea-Bissau
46%
Kambodscha
46%
Togo
46%
Zentralafrikanische Republik
45%
Niger
44%
Nigeria
44%
Papua-Neuguinea
44%
Republik Kongo
43%
Laos
42%

Verteilung der Resultate

Perzentil nach korrekt beantworteten Fragen

Anzahl Personen mit jedem Resultat

Ihre Resultats-Entwicklung

Sie haben dieses Quiz noch nicht gespielt